000 00638nam a2200241Ia 4500
005 20260320201041.0
008 008 262003s9999 xx 000 0 eng d
037 _aEBOOK
040 _aCRL
040 _beng
040 _cCRL
041 _2eng
041 _aeng
084 _qCRL
100 _aUlema
_91134134
245 0 _aFundamentals of Public Safety Networks and Critical Communications Systems: Technologies, Deployment, and Management
260 _bIEEE
260 _c2019
856 _uhttps://ieeexplore.ieee.org/servlet/opac?bknumber=8591862
942 _cEBOOK
999 _c1718518
_d1718518